| 000 | 01427nam a2200289 a 4500 | ||
|---|---|---|---|
| 001 | ASIN0415640024 | ||
| 003 | OSt | ||
| 005 | 20180116192416.0 | ||
| 008 | 130722s2012 xxu eng d | ||
| 020 |
_a0415640024 (hardcover) _c$55.95 |
||
| 020 | _a9780415640022 (hardcover) | ||
| 040 | _c0 | ||
| 050 | 0 | 4 | _aNA6230 |
| 082 | 0 | 4 | _a720 |
| 245 | 1 | 0 |
_aBest tall buildings 2012 : _bctbuh international award winning projects / _cAntony Wood. |
| 250 | _a1st ed. | ||
| 260 |
_a[S.l.] : _bRoutledge, _c2012. |
||
| 300 |
_a224 p. ; _c26 cm. |
||
| 520 | _aBest Tall Buildings 2012 contains overviews of the nominees and winning projects from the Council on Tall Buildings and Urban Habitat’s annual awards. The book provides vital statistics, images, plans and in depth accounts of the architectural design and sustainability features of the year’s best tall buildings. Additionally included is the official list of the World’s Tallest Buildings with the judging criteria from the foremost authority on tall buildings. Full colour illustrations and photographs throughout. | ||
| 650 | 0 |
_aArchitecture, Modern _96610 |
|
| 650 | 0 |
_aSkyscrapers _96611 |
|
| 650 | 0 |
_aTall buildings _96612 |
|
| 700 | 1 |
_aWood, Antony. _96613 |
|
| 856 | 4 | 0 |
_3Amazon.com _uhttp://www.amazon.com/exec/obidos/ASIN/0415640024/chopaconline-20 |
| 942 |
_2ddc _cBK |
||
| 999 |
_c353719 _d353719 |
||